| 000 | 02480cam a2200313 i 4500 | ||
|---|---|---|---|
| 001 | 99116929743704341 | ||
| 005 | 20250827122449.0 | ||
| 008 | 230427s2023 enk e b 001 0 eng d | ||
| 015 |
_aGBC3C5629 _2bnb |
||
| 020 |
_a9781398509177 _q(hardcover) |
||
| 020 |
_a9781398509184 _qpaperback |
||
| 035 | _a(OCoLC)1389772255 | ||
| 035 | _a(OCoLC)on1389772255 | ||
| 040 |
_aUKMGB _beng _erda _cUKMGB _dOCLCO _dNLSHB _dOCLCF _dOCLCO _dNZAUC _dYDX _dQGQ _dAUPTL _dCDS _dNLE |
||
| 041 | _aEnglish | ||
| 049 | _aNLES | ||
| 050 | 4 |
_aTA1653 _b.H55 2023 |
|
| 100 |
_aHill, Kashmir, _eauthor. _925789 |
||
| 245 | 1 | 0 |
_aYour face belongs to us _b: the secretive startup dismantling your privacy _c/ Kashmir Hill. |
| 264 | 1 |
_aLondon : _bSimon & Schuster, _c2023. |
|
| 300 |
_axviii, 330 pages ; _c24 cm |
||
| 504 | _aIncludes bibliographical references and index. | ||
| 520 | _aWhen Kashmir Hill stumbled upon Clearview AI, a mysterious startup selling an app that claimed it could identify anyone using just a snapshot of their face, the implications were terrifying. The app could use the photo to find your name, your social media profiles, your friends and family – even your home address. But this was just the start of a story more shocking than she could have imagined.Launched by computer engineer Hoan Ton-That and politician Richard Schwartz, and assisted by a cast of controversial characters on the alt-right, Clearview AI would quickly rise to the top, sharing its app with billionaires and law enforcement. In this riveting feat of reporting Hill weaves the story of Clearview AI with an exploration of how facial recognition technology is reshaping our lives, from its use by governments and companies like Google and Facebook (who decided it was too radical to release) to the consequences of racial and gender biases baked into the AI. Soon it could expand the reach of policing — as it has in China and Russia — and lead us into a dystopian future.Your Face Belongs to Us is a gripping true story. It illuminates our tortured relationship with technology, the way it entertains us even as it exploits us, and it presents a powerful warning that in the absence of regulation, this technology will spell the end of our anonymity. | ||
| 650 | 0 |
_aHuman face recognition (Computer science) _925419 |
|
| 650 | 0 |
_aData privacy. _925790 |
|
| 650 | 0 |
_aTechnological innovations _x Moral and ethical aspects _912279 |
|
| 653 | _aClearview AI (Software company) | ||
| 942 | _2lcc | ||
| 999 |
_c4878 _d4878 |
||